[Event "MVP-ch Seniors op 12th"]
[Site "Binz"]
[Date "2012.12.05"]
[Round "8"]
[White "Wiele, Botho"]
[Black "Wiemer, Juergen"]
[Result "1/2-1/2"]
[WhiteElo "1717"]
[BlackElo "1865"]
[PlyCount "45"]
[EventDate "2012.11.28"]
[EventType "swiss"]
[EventRounds "9"]
[EventCountry "GER"]
[SourceTitle "EXT 2014"]
[Source "ChessBase"]
[SourceDate "2013.11.20"]
[SourceVersion "1"]
[SourceVersionDate "2013.11.20"]
[SourceQuality "1"]

1. d4 Nf6 2. Nf3 e6 3. c4 c5 4. d5 exd5 5. cxd5 d6 6. Nc3 Be7 7. Nd2 Na6 8. e4 Nc7 9. Be2 Bd7 10. a4 Rb8 11. 0-0 a6 12. a5 0-0 13. Re1 Nb5 14. Bf1 Re8 15. Nc4 Nxc3 16. bxc3 Bb5 17. Nb6 Bxf1 18. Kxf1 Nd7 19. Nxd7 Qxd7 20. c4 Bf6 21. Rb1 Bd8 22. Bd2 Qe7 23. Qf3 1/2-1/2

[Event "MVP-ch Seniors op 12th"]
[Site "Binz"]
[Date "2012.12.02"]
[Round "5"]
[White "Wicklund Hansen, Richard"]
[Black "Wiele, Botho"]
[Result "1/2-1/2"]
[WhiteElo "1621"]
[BlackElo "1717"]
[PlyCount "41"]
[EventDate "2012.11.28"]
[EventType "swiss"]
[EventRounds "9"]
[EventCountry "GER"]
[SourceTitle "EXT 2014"]
[Source "ChessBase"]
[SourceDate "2013.11.20"]
[SourceVersion "1"]
[SourceVersionDate "2013.11.20"]
[SourceQuality "1"]

1. e4 c5 2. Nf3 e6 3. d3 Nc6 4. g3 g6 5. Bd2 Bg7 6. Bc3 Nd4 7. Nxd4 cxd4 8. Bb4 Ne7 9. Nd2 a5 10. Bd6 b5 11. a4 Qb6 12. Bxe7 Kxe7 13. axb5 Qxb5 14. Nc4 d5 15. exd5 exd5 16. Qe2+ Kd7 17. Qf3 Re8+ 18. Kd1 Bb7 19. Qxf7+ Re7 20. Bh3+ Kd8 21. Nd6 1/2-1/2

[Event "Schoenhagen Cup Seniors 20th"]
[Site "Schoenhagen/Uslar"]
[Date "2011.09.11"]
[Round "7"]
[White "Wiele, Botho"]
[Black "Drechsel, Dieter"]
[Result "1-0"]
[WhiteElo "1691"]
[BlackElo "1550"]
[PlyCount "63"]
[EventDate "2011.09.05"]
[EventType "swiss"]
[EventRounds "9"]
[EventCountry "GER"]
[SourceTitle "EXT 2012"]
[Source "ChessBase"]
[SourceDate "2011.11.24"]
[SourceVersion "1"]
[SourceVersionDate "2011.11.24"]
[SourceQuality "1"]

1. d4 d5 2. c4 c6 3. e3 Nf6 4. Nf3 Bg4 5. Nbd2 Nbd7 6. Qc2 Qa5 7. Be2 e6 8. 0-0 dxc4 9. Nxc4 Qh5 10. h3 Bf5 11. Qb3 b5 12. Ncd2 Bd6 13. Re1 0-0 14. Bf1 Qg6 15. Nh4 Qh5 16. Nxf5 exf5 17. Be2 Qg6 18. Qc2 f4 19. Qxg6 hxg6 20. e4 Bc7 21. b3 Rfe8 22. f3 g5 23. Bb2 Bb6 24. Kh2 a5 25. Rac1 Rac8 26. e5 Nd5 27. Ne4 f6 28. Nd6 Red8 29. Nxc8 Rxc8 30. Bxb5 fxe5 31. Bxc6 N7f6 32. Bxd5+ 1-0

[Event "Schoenhagen Cup Seniors 20th"]
[Site "Schoenhagen/Uslar"]
[Date "2011.09.10"]
[Round "6"]
[White "Schmidt, Erich"]
[Black "Wiele, Botho"]
[Result "1/2-1/2"]
[WhiteElo "1634"]
[BlackElo "1691"]
[PlyCount "38"]
[EventDate "2011.09.05"]
[EventType "swiss"]
[EventRounds "9"]
[EventCountry "GER"]
[SourceTitle "EXT 2012"]
[Source "ChessBase"]
[SourceDate "2011.11.24"]
[SourceVersion "1"]
[SourceVersionDate "2011.11.24"]
[SourceQuality "1"]

1. d4 Nf6 2. Nf3 e6 3. Bf4 b6 4. e3 Bb7 5. Nbd2 Be7 6. h3 0-0 7. Bd3 d5 8. 0-0 Nbd7 9. c3 c5 10. Re1 Ne4 11. Ne5 Nxe5 12. Bxe5 Nxd2 13. Qxd2 Bd6 14. Bxd6 Qxd6 15. Rad1 Rad8 16. dxc5 Qxc5 17. Qc2 g6 18. Rd2 Qc6 19. f3 Qc5 1/2-1/2

[Event "Schoenhagen Cup Seniors 20th"]
[Site "Schoenhagen/Uslar"]
[Date "2011.09.09"]
[Round "5"]
[White "Oswald, Werner"]
[Black "Wiele, Botho"]
[Result "1-0"]
[WhiteElo "1794"]
[BlackElo "1691"]
[PlyCount "59"]
[EventDate "2011.09.05"]
[EventType "swiss"]
[EventRounds "9"]
[EventCountry "GER"]
[SourceTitle "EXT 2012"]
[Source "ChessBase"]
[SourceDate "2011.11.24"]
[SourceVersion "1"]
[SourceVersionDate "2011.11.24"]
[SourceQuality "1"]

1. d4 Nf6 2. c4 e6 3. Nf3 b6 4. e3 Bb7 5. Bd3 c5 6. 0-0 Be7 7. Nc3 cxd4 8. exd4 d6 9. Be3 Nbd7 10. Rc1 0-0 11. Qe2 Rc8 12. a3 Re8 13. Rfd1 Qc7 14. b4 Qb8 15. h3 Qa8 16. Ne1 h6 17. Rc2 a6 18. Rdc1 Bf8 19. Qf1 Rc7 20. Na4 Rec8 21. d5 Qa7 22. dxe6 fxe6 23. Qe2 Bc6 24. Nb2 Qb7 25. c5 b5 26. cxd6 Bxd6 27. Bxh6 gxh6 28. Qxe6+ Kg7 29. Qxd6 Nb8 30. Bf5 1-0

[Event "Schoenhagen Cup Seniors 20th"]
[Site "Schoenhagen/Uslar"]
[Date "2011.09.06"]
[Round "2"]
[White "Lorenz, Kurt"]
[Black "Wiele, Botho"]
[Result "1-0"]
[WhiteElo "1897"]
[BlackElo "1691"]
[PlyCount "76"]
[EventDate "2011.09.05"]
[EventType "swiss"]
[EventRounds "9"]
[EventCountry "GER"]
[SourceTitle "EXT 2012"]
[Source "ChessBase"]
[SourceDate "2011.11.24"]
[SourceVersion "1"]
[SourceVersionDate "2011.11.24"]
[SourceQuality "1"]

1. d4 Nf6 2. Nc3 d5 3. Bg5 e6 4. e4 dxe4 5. Nxe4 Be7 6. Bxf6 Bxf6 7. Nf3 Nd7 8. Bd3 0-0 9. Qe2 c5 10. 0-0-0 Qa5 11. Nxf6+ Nxf6 12. Kb1 cxd4 13. Nxd4 a6 14. g4 Re8 15. Nb3 Qc7 16. g5 Nd7 17. h4 e5 18. Qe4 Nf8 19. h5 Qc6 20. Qe3 Bg4 21. Be4 Qc8 22. Rdg1 Bf5 23. Nc5 Bxe4 24. Nxe4 Re6 25. h6 g6 26. Nf6+ Kh8 27. Rd1 Qc7 28. Qd3 Rc6 29. Nd5 Qd7 30. Qe4 Qf5 31. Qxf5 gxf5 32. Ne7 Rc7 33. Nxf5 Ng6 34. Rd5 Rac8 35. Rhd1 Kg8 36. Rd8+ Rxd8 37. Rxd8+ Nf8 38. Re8 Re7 1-0

[Event "Berlin-ch Seniors op 26th"]
[Site "Berlin"]
[Date "2010.02.10"]
[Round "2"]
[White "Wiele, Botho"]
[Black "Fieguth, Bernd"]
[Result "1/2-1/2"]
[WhiteElo "1704"]
[BlackElo "1863"]
[PlyCount "41"]
[EventDate "2010.02.09"]
[EventType "swiss"]
[EventRounds "9"]
[EventCountry "GER"]
[SourceTitle "EXT 2012"]
[Source "ChessBase"]
[SourceDate "2011.11.24"]
[SourceVersion "1"]
[SourceVersionDate "2011.11.24"]
[SourceQuality "1"]

1. d4 Nf6 2. c4 c5 3. d5 b5 4. cxb5 a6 5. b6 Qxb6 6. Nc3 d6 7. Nf3 g6 8. Nd2 Bg7 9. e4 Nbd7 10. Nc4 Qc7 11. Be2 0-0 12. 0-0 Bb7 13. Bg5 Rfe8 14. Qd2 Nb6 15. Rad1 Nfd7 16. Kh1 Nxc4 17. Bxc4 Nb6 18. Be2 c4 19. Be3 Rec8 20. Bd4 Bxd4 21. Qxd4 1/2-1/2

[Event "Mecklenburg VP-ch Seniors op 06th"]
[Site "Plau am See"]
[Date "2006.10.07"]
[Round "4"]
[White "Wiele, Botho"]
[Black "Herzel, Alois"]
[Result "1/2-1/2"]
[WhiteElo "1801"]
[BlackElo "1701"]
[PlyCount "60"]
[EventDate "2006.10.04"]
[EventType "swiss"]
[EventRounds "9"]
[EventCountry "GER"]
[SourceTitle "EXT 2022"]
[Source "ChessBase"]
[SourceDate "2021.10.06"]
[SourceVersion "1"]
[SourceVersionDate "2021.10.06"]
[SourceQuality "1"]

1. d4 d5 2. Nf3 e6 3. c4 dxc4 4. e3 Nf6 5. Bxc4 Be7 6. 0-0 a6 7. a4 0-0 8. Nc3 c5 9. e4 cxd4 10. Qxd4 Nc6 11. Qxd8 Rxd8 12. Be3 Nd7 13. Rad1 b6 14. Nd4 Bb7 15. Nxc6 Bxc6 16. f3 Bb7 17. Rd2 Nc5 18. Rfd1 Rxd2 19. Rxd2 a5 20. Bb5 Rd8 21. Rxd8+ Bxd8 22. Kf2 Be7 23. Ke2 Bd6 24. h3 Kf8 25. Nb1 f5 26. exf5 exf5 27. Bd4 Bd5 28. Nd2 h6 29. b3 g5 30. Bc4 Bc6 1/2-1/2

[Event "Mecklenburg VP-ch Seniors op 06th"]
[Site "Plau am See"]
[Date "2006.10.06"]
[Round "3"]
[White "Weschke, Wolfgang"]
[Black "Wiele, Botho"]
[Result "1/2-1/2"]
[WhiteElo "1678"]
[BlackElo "1801"]
[PlyCount "95"]
[EventDate "2006.10.04"]
[EventType "swiss"]
[EventRounds "9"]
[EventCountry "GER"]
[SourceTitle "EXT 2022"]
[Source "ChessBase"]
[SourceDate "2021.10.06"]
[SourceVersion "1"]
[SourceVersionDate "2021.10.06"]
[SourceQuality "1"]

1. Nf3 Nf6 2. c4 c5 3. e3 e6 4. b3 b6 5. Be2 Bb7 6. 0-0 Be7 7. Bb2 0-0 8. Nc3 a6 9. Qc2 Qc7 10. Rfd1 d6 11. Rac1 Nbd7 12. d4 cxd4 13. Nxd4 Rfe8 14. Nf3 Rac8 15. Qb1 Qb8 16. Nd2 Qa8 17. Bf3 Bf8 18. Bxb7 Qxb7 19. Nde4 Qb8 20. Ng3 Red8 21. Rd2 b5 22. cxb5 axb5 23. Rcd1 d5 24. Nce2 b4 25. e4 Be7 26. exd5 Nxd5 27. Ne4 h6 28. Qa1 N7f6 29. Nxf6+ Bxf6 30. Bxf6 Nxf6 31. Rxd8+ Rxd8 32. Rxd8+ Qxd8 33. Qd4 Qa5 34. Qb2 Nd5 35. Kf1 f6 36. h3 Kf7 37. Ke1 Qc5 38. Qc1 Qa5 39. Qd2 Qc5 40. Qc1 Qa5 41. Qc2 Qb6 42. Qe4 Qa7 43. Qc2 Qb6 44. h4 Qd6 45. g3 Qe5 46. Kd2 Qd6 47. Qd3 Qc5 48. Qd4 1/2-1/2

[Event "Mecklenburg VP-ch Seniors 05th"]
[Site "Plau am See"]
[Date "2005.10.04"]
[Round "1"]
[White "Klein, Leo"]
[Black "Wiele, Botho"]
[Result "1-0"]
[WhiteElo "1937"]
[BlackElo "1817"]
[PlyCount "75"]
[EventDate "2005.10.04"]
[EventType "swiss"]
[EventRounds "9"]
[EventCountry "GER"]
[SourceTitle "EXT 2007"]
[Source "ChessBase"]
[SourceDate "2006.11.23"]
[SourceVersion "1"]
[SourceVersionDate "2006.11.23"]
[SourceQuality "1"]

1. d4 Nf6 2. Bf4 e6 3. e3 c5 4. Nd2 cxd4 5. exd4 b6 6. Ngf3 Bb7 7. Bd3 Be7 8. 0-0 0-0 9. c3 d6 10. Re1 Re8 11. Qc2 Nbd7 12. Nc4 Nf8 13. Nfd2 Rc8 14. Ne3 Nh5 15. Bg3 Nxg3 16. hxg3 Bf6 17. Bb5 Re7 18. Qd3 g6 19. Ba6 Bxa6 20. Qxa6 Qc7 21. Ne4 Bg7 22. Nxd6 Rd8 23. Ne4 Nd7 24. Qc4 Qxc4 25. Nxc4 Nf6 26. Nxf6+ Bxf6 27. f4 h5 28. Ne5 Rc7 29. Kf2 Bxe5 30. Rxe5 a6 31. Ke2 b5 32. a3 Kf8 33. Rc5 Rcd7 34. b4 Rd6 35. a4 bxa4 36. Rxa4 Rb8 37. Kd3 Rb7 38. Rca5 1-0

[Event "Brandenburg Seniors op 11th"]
[Site "Rowy"]
[Date "2002.06.24"]
[Round "7"]
[White "Wiele, Botho"]
[Black "Schueler, Wolfgang"]
[Result "1/2-1/2"]
[WhiteElo "1923"]
[BlackElo "1945"]
[PlyCount "33"]
[EventDate "2002.06.??"]
[EventType "swiss"]
[EventRounds "7"]
[EventCountry "POL"]
[SourceTitle "EXT 2006"]
[Source "ChessBase"]
[SourceDate "2005.11.24"]
[SourceVersion "1"]
[SourceVersionDate "2005.11.24"]
[SourceQuality "1"]

1. Nf3 d5 2. d4 Nf6 3. c4 e6 4. Nc3 c6 5. cxd5 exd5 6. Bg5 Be7 7. e3 0-0 8. Qc2 Re8 9. Bd3 h6 10. Bxf6 Bxf6 11. 0-0 Nd7 12. b4 a6 13. Na4 Be7 14. Rab1 Nf6 15. Rfc1 Bd6 16. Nd2 Qe7 17. Nb6 1/2-1/2

[Event "Brandenburg Seniors op 11th"]
[Site "Rowy"]
[Date "2002.06.19"]
[Round "3"]
[White "Wiele, Botho"]
[Black "Adasiak, Leszek"]
[Result "0-1"]
[WhiteElo "1923"]
[BlackElo "2021"]
[PlyCount "108"]
[EventDate "2002.06.??"]
[EventType "swiss"]
[EventRounds "7"]
[EventCountry "POL"]
[SourceTitle "EXT 2006"]
[Source "ChessBase"]
[SourceDate "2005.11.24"]
[SourceVersion "1"]
[SourceVersionDate "2005.11.24"]
[SourceQuality "1"]

1. Nf3 d5 2. d4 Nf6 3. c4 e6 4. Bg5 c6 5. cxd5 exd5 6. Nc3 Be7 7. Bxf6 Bxf6 8. e3 Qb6 9. Qc2 Bg4 10. Be2 Nd7 11. 0-0 0-0 12. Rab1 Rfc8 13. Rfc1 Be6 14. Na4 Qd8 15. b4 Be7 16. Qb2 Bf5 17. Ra1 Bf6 18. Qd2 Be4 19. Nc3 Bf5 20. Bd3 Bg4 21. Be2 Nb6 22. h3 Bxf3 23. Bxf3 Nc4 24. Qe1 Qd6 25. Rab1 b5 26. a4 a6 27. a5 Re8 28. Be2 Bd8 29. Bxc4 dxc4 30. g3 Bc7 31. Qf1 Qg6 32. Rd1 Bxg3 33. fxg3 Qxg3+ 34. Kh1 Rxe3 35. Ne2 Qh4 36. Kh2 Rae8 37. Ng1 g5 38. Rb2 g4 39. Rg2 g3+ 40. Kh1 Qe4 41. Qf6 Re6 42. Qd8+ Kg7 43. Rf1 Rg6 44. Qd7 Qd5 45. Qb7 Rb3 46. Qxa6 Rb2 47. Rf3 Rxb4 48. Qb7 Rb3 49. Rf1 Rb2 50. Qxf7+ Qxf7 51. Rxf7+ Kxf7 52. Rxb2 c3 53. Rc2 b4 54. a6 Ke6 0-1

[Event "Brandenburg Seniors op 11th"]
[Site "Rowy"]
[Date "2002.06.18"]
[Round "2"]
[White "Matthies, Wolfgang"]
[Black "Wiele, Botho"]
[Result "1/2-1/2"]
[WhiteElo "1689"]
[BlackElo "1923"]
[PlyCount "75"]
[EventDate "2002.06.??"]
[EventType "swiss"]
[EventRounds "7"]
[EventCountry "POL"]
[SourceTitle "EXT 2006"]
[Source "ChessBase"]
[SourceDate "2005.11.24"]
[SourceVersion "1"]
[SourceVersionDate "2005.11.24"]
[SourceQuality "1"]

1. c4 c5 2. Nc3 Nf6 3. g3 e6 4. e4 d6 5. Bg2 Be7 6. Nge2 0-0 7. 0-0 a6 8. d3 Qc7 9. f4 Bd7 10. Bd2 Bc6 11. d4 cxd4 12. Nxd4 Bd7 13. Rc1 Nc6 14. Be3 Rac8 15. b3 Rfe8 16. f5 Qb8 17. fxe6 fxe6 18. g4 Nxd4 19. Bxd4 e5 20. Be3 Nxg4 21. Nd5 Nxe3 22. Nxe3 Qa7 23. Rc3 Bg5 24. Qe2 Be6 25. Kh1 Bxe3 26. Rxe3 Qc5 27. Rg3 b5 28. Rg1 Re7 29. Qh5 bxc4 30. Bh3 Qc7 31. Rxg7+ Rxg7 32. Bxe6+ Kh8 33. Bxc8 Rxg1+ 34. Kxg1 Qxc8 35. bxc4 Qxc4 36. Qf5 Qxa2 37. Qf6+ Kg8 38. Qg5+ 1/2-1/2

[Event "Brandenburg-ch Seniors 09th"]
[Site "Rowy"]
[Date "2001.06.24"]
[Round "6"]
[White "Wiele, Botho"]
[Black "Joch, Horst"]
[Result "1-0"]
[WhiteElo "1923"]
[BlackElo "1606"]
[PlyCount "53"]
[EventDate "2001.06.??"]
[EventType "swiss"]
[EventRounds "7"]
[EventCountry "POL"]
[SourceTitle "EXT 2006"]
[Source "ChessBase"]
[SourceDate "2005.11.24"]
[SourceVersion "1"]
[SourceVersionDate "2005.11.24"]
[SourceQuality "1"]

1. d4 e6 2. Nf3 d5 3. c4 c6 4. e3 Nf6 5. Nbd2 Be7 6. Bd3 c5 7. cxd5 Nxd5 8. 0-0 Nd7 9. e4 Nf4 10. Bb1 cxd4 11. Nb3 Ng6 12. Nbxd4 Nde5 13. Nxe5 Nxe5 14. Kh1 Bc5 15. Be3 Be7 16. f4 Nd7 17. Nb5 a6 18. Nd6+ Bxd6 19. Qxd6 Qe7 20. Rd1 Qxd6 21. Rxd6 Ke7 22. e5 f6 23. a4 Re8 24. Ba2 Kf7 25. Rc1 Nb8 26. Rc7+ Kg8 27. Rxc8 1-0

[Event "Brandenburg-ch Seniors 09th"]
[Site "Rowy"]
[Date "2001.06.22"]
[Round "5"]
[White "Knapp, Hans"]
[Black "Wiele, Botho"]
[Result "1/2-1/2"]
[WhiteElo "1700"]
[BlackElo "1923"]
[PlyCount "70"]
[EventDate "2001.06.??"]
[EventType "swiss"]
[EventRounds "7"]
[EventCountry "POL"]
[SourceTitle "EXT 2006"]
[Source "ChessBase"]
[SourceDate "2005.11.24"]
[SourceVersion "1"]
[SourceVersionDate "2005.11.24"]
[SourceQuality "1"]

1. e4 c5 2. Bc4 e6 3. Nc3 a6 4. a4 Nc6 5. d3 g6 6. Be3 Nd4 7. Bxd4 cxd4 8. Nce2 Bg7 9. Nf3 Qb6 10. Bb3 Ne7 11. 0-0 Nc6 12. Nd2 Na5 13. f4 d6 14. Ng3 Nxb3 15. Nxb3 Bd7 16. f5 Be5 17. Qf3 f6 18. Nd2 Ke7 19. Nc4 Qc6 20. b4 Qc7 21. fxe6 Bxe6 22. Nxe5 fxe5 23. Qf6+ Kd7 24. Qg7+ Kc6 25. Qf6 Qd7 26. c3 dxc3 27. b5+ Kc7 28. Rac1 Rhf8 29. Rxc3+ Kb6 30. Qg5 Rxf1+ 31. Nxf1 Rc8 32. Qe3+ Ka5 33. d4 exd4 34. Qxd4 Rxc3 35. Qxc3+ Kb6 1/2-1/2

[Event "Brandenburg-ch Seniors 09th"]
[Site "Rowy"]
[Date "2001.06.19"]
[Round "2"]
[White "Wiele, Botho"]
[Black "Baumbach, Friedrich"]
[Result "1/2-1/2"]
[WhiteElo "1923"]
[BlackElo "2323"]
[PlyCount "89"]
[EventDate "2001.06.??"]
[EventType "swiss"]
[EventRounds "7"]
[EventCountry "POL"]
[SourceTitle "EXT 2006"]
[Source "ChessBase"]
[SourceDate "2005.11.24"]
[SourceVersion "1"]
[SourceVersionDate "2005.11.24"]
[SourceQuality "1"]

1. Nf3 d5 2. d4 Nf6 3. c4 e6 4. e3 Be7 5. Bd3 0-0 6. 0-0 b6 7. Nbd2 Bb7 8. Qc2 Na6 9. a3 c5 10. cxd5 exd5 11. dxc5 Nxc5 12. b4 Nce4 13. Bb2 Rc8 14. Qb3 Bd6 15. h3 Re8 16. Rac1 Bb8 17. Rfd1 Rxc1 18. Bxc1 Qe7 19. Nf1 h6 20. Bb2 Ng5 21. Nd4 Rc8 22. Rc1 Rxc1 23. Bxc1 Ne6 24. Bb2 Ne4 25. Qc2 Qc7 26. Qxc7 Bxc7 27. f3 Nd6 28. Nd2 Kf8 29. Kf2 Nxd4 30. Bxd4 f6 31. a4 Bc8 32. e4 dxe4 33. Nxe4 Nxe4+ 34. Bxe4 Bd6 35. Bc3 Bd7 36. Bc2 Ke7 37. Ke3 Be6 38. f4 g5 39. fxg5 hxg5 40. Be4 f5 41. Bc6 Bf4+ 42. Kd3 Kd6 43. Bb7 Kc7 44. Ba8 Bb3 45. a5 1/2-1/2

[Event "Bevensen op Seniors 2nd "]
[Site "Bad Bevensen"]
[Date "1999.06.23"]
[Round "5"]
[White "Wiele, Botho"]
[Black "Lange, Siegfried"]
[Result "0-1"]
[WhiteElo "1872"]
[BlackElo "2110"]
[PlyCount "50"]
[EventDate "1999.06.??"]
[EventType "swiss"]
[EventRounds "9"]
[EventCountry "GER"]
[SourceTitle "EXT 2006"]
[Source "ChessBase"]
[SourceDate "2005.11.24"]
[SourceVersion "1"]
[SourceVersionDate "2005.11.24"]
[SourceQuality "1"]

1. d4 e6 2. Nf3 f5 3. g3 Nf6 4. Bg2 d5 5. 0-0 Bd6 6. c4 c6 7. b3 Qe7 8. Nbd2 0-0 9. Bb2 Nbd7 10. Ne5 Ne4 11. Ndf3 g5 12. Nxd7 Bxd7 13. Ne5 Be8 14. f3 Nf6 15. f4 gxf4 16. gxf4 Bh5 17. c5 Bc7 18. Bf3 Kh8 19. e3 Rg8+ 20. Kh1 Bxf3+ 21. Qxf3 Bxe5 22. fxe5 Ne4 23. Rg1 Qh4 24. h3 Nd2 25. Rxg8+ Rxg8 0-1